| 000 | 00513nam a2200181Ia 4500 | ||
|---|---|---|---|
| 005 | 20250326123937.0 | ||
| 008 | 250326s9999 xx 000 0 und d | ||
| 037 | _aTextbook | ||
| 040 |
_aFMSL _beng _cFMSL |
||
| 041 |
_aeng _2eng |
||
| 084 |
_aT:(X:8) K8;2 _qFMSL |
||
| 100 | _aDasgupta A | ||
| 245 | 0 |
_aManagement education in India _cDasgupta A |
|
| 260 |
_aDelhi _bDelhi, Deapartment of Business Management _c1968 |
||
| 300 | _a223p | ||
| 942 |
_cTB _hT:(X:8) K8;2 |
||
| 999 |
_c1271590 _d1271590 |
||